MARC

LEADER 00000nas a2200000 4500
001 ssj0002609
003 WaSeSS
005 20200512172242.0
006 m d
007 cr n
008 781115d19782001nyumr p s 0 a0eng c
010 |a  79644017   |z sc 79003855   |z sn 82020637  
016 7 |a 9878226  |2 DNLM 
016 7 |a I19490000  |2 DNLM 
016 7 |a AA00233616  |2 JP-ToKJK 
016 7 |a 009855079  |2 Uk 
022 |l 0164-8470  |y 0164-8470 
032 |a 266040  |b USPS 
035 |a (WaSeSS)ssj0002609 
037 |b BPI Communications Inc.,1515 Broadway, New York, NY 10036 
040 |a DXU  |b eng  |c DXU  |d MUL  |d DLC  |d NSD  |d NST  |d RCS  |d OCL  |d AIP  |d NSD  |d AIP  |d NST  |d AIP  |d OCL  |d NST  |d NSD  |d NST  |d IUL  |d NSD  |d NLM  |d NYG  |d NLM  |d SYS  |d CLU  |d MUQ  |d OCLCQ  |d HUL  |d OCLCQ  |d OCLCF  |d OCLCO  |d OCLCQ  |d OCLCO  |d ZYU  |d UKMGB  |d LWU  |d I8M  |d OCLCQ  |d CSJ  |d AVA  |d OCLCO  |d OCLCA  |d OCLCQ  |d GILDS  |d CPO  |d OCLCQ  |d HTM  |d OCLCO  |d OCLCQ  |d OCLCA  |d OCLCQ  |d WaSeSS 
042 |a pcc  |a nsdp 
050 0 0 |a TS1300  |b .I67 
060 0 0 |a W1  |b IN688 
082 0 4 |a 747/.05 
210 0 |a Interiors  |b (N.Y.N.Y., 1978) 
222 0 |a Interiors  |b (New York, N.Y. 1978) 
245 0 0 |a Interiors  |h [electronic resource]. 
260 |a [New York]  |b [Billboard Publications] 
310 |a Monthly 
362 0 |a v. 138, no. 3-v. 160, no. 6; Oct. 1978-June 2001. 
500 |a "For the contract design professional." 
506 |a License restrictions may limit access. 
515 |a Volume 150 (1990-1991) contains some issue numbering irregularities. 
525 |a Supplements accompany some issues. 
550 |a Volumes for 1978- published for the Interior Designers Group. 
650 0 |a Interior decoration  |v Periodicals. 
650 1 2 |a Interior Design and Furnishings. 
650 6 |a Décoration intérieure  |v Périodiques. 
650 7 |a Interior decoration.  |2 fast  |0 (OCoLC)fst00976327 
655 0 |a Electronic journals. 
710 2 |a Interior Designers Group. 
770 0 8 |i Has supplement:  |t Annual textile directory. Interiors  |w (OCoLC)18354080 
776 0 8 |i Microfilm version:  |t Interiors for the contract design professional  |x 0164-8470  |w (OCoLC)5806950 
776 0 8 |i Microfiche version:  |t Interiors  |x 0164-8470  |w (OCoLC)69018650 
780 0 0 |t Contract interiors  |x 0148-012X  |w (DLC) 77642131  |w (OCoLC)3214478 
853 3 3 |8 1  |a v.  |b no.  |u 12  |v r  |i (year/year)  |j (month) 
853 3 3 |8 2  |a v.  |b no.  |u 12  |v r  |i (year)  |j (month) 
856 4 0 |z Full text available from Research Library: 01/01/1992 to 06/30/2001  |u https://search.proquest.com/publication/42076 
863 4 0 |8 1  |a <138>  |b <3>-  |i <1978/1979>  |j <Oct.>-  |x provisional 
863 4 0 |8 2  |a <151>-  |i <1992>-  |x provisional